[Event "blitmenteam"]
[Site "?"]
[Date "2016.10.07"]
[Round "5.19"]
[White "Matinian, Nikita"]
[Black "Dulenko, Maxim"]
[Result "0-1"]
[LiveChessVersion "1.4.4"]
[BlackElo "2174"]
[WhiteElo "2539"]

1. e4 {[%clk 0:03:03]} c5 {[%clk 0:03:04]} 2. Nf3 {[%clk 0:03:04]} d6
{[%clk 0:03:05]} 3. d4 {[%clk 0:03:05]} cxd4 {[%clk 0:03:07]} 4. Nxd4
{[%clk 0:03:06]} Nf6 {[%clk 0:03:08]} 5. Nc3 a6 6. h3 {[%clk 0:03:08]} e6
{[%clk 0:03:08]} 7. g4 {[%clk 0:03:04]} b5 {[%clk 0:03:09]} 8. Bg2
{[%clk 0:02:58]} Bb7 {[%clk 0:03:10]} 9. O-O {[%clk 0:02:47]} b4 {[%clk 0:03:01]}
10. Nd5 {[%clk 0:02:41]} exd5 {[%clk 0:02:31]} 11. exd5 {[%clk 0:02:43]} Be7
{[%clk 0:02:31]} 12. Nf5 {[%clk 0:02:44]} O-O {[%clk 0:02:32]} 13. Re1
{[%clk 0:02:45]} Re8 {[%clk 0:02:33]} 14. Bg5 {[%clk 0:02:34]} Nbd7
{[%clk 0:02:06]} 15. Qd4 {[%clk 0:02:35]} Bf8 {[%clk 0:01:46]} 16. Rxe8
{[%clk 0:02:32]} Qxe8 {[%clk 0:01:47]} 17. a3 {[%clk 0:01:52]} bxa3
{[%clk 0:01:40]} 18. Rxa3 {[%clk 0:01:51]} Qe1+ {[%clk 0:01:41]} 19. Kh2
{[%clk 0:01:53]} Qe5+ {[%clk 0:01:41]} 20. Qxe5 {[%clk 0:01:53]} dxe5
{[%clk 0:01:36]} 21. Rd3 {[%clk 0:01:34]} e4 {[%clk 0:01:34]} 22. Rd2
{[%clk 0:01:35]} Bxd5 {[%clk 0:01:29]} 23. Be3 {[%clk 0:01:20]} Be6
{[%clk 0:00:33]} 24. Ng3 {[%clk 0:01:15]} Rb8 {[%clk 0:00:26]} 25. b3
{[%clk 0:01:16]} Bb4 {[%clk 0:00:25]} 26. Rd1 {[%clk 0:01:13]} Rc8
{[%clk 0:00:23]} 27. c4 {[%clk 0:01:05]} h6 {[%clk 0:00:22]} 28. Nxe4
{[%clk 0:01:03]} Nxe4 {[%clk 0:00:22]} 29. Bxe4 {[%clk 0:01:04]} Nc5
{[%clk 0:00:22]} 30. Bc2 {[%clk 0:01:05]} a5 {[%clk 0:00:22]} 31. f4
{[%clk 0:01:04]} Re8 {[%clk 0:00:19]} 32. Bf2 {[%clk 0:00:45]} Bc8
{[%clk 0:00:19]} 33. Kg1 {[%clk 0:00:43]} Bb7 {[%clk 0:00:19]} 34. h4
{[%clk 0:00:13]} Be4 {[%clk 0:00:20]} 35. Bxe4 {[%clk 0:00:10]} Nxe4
{[%clk 0:00:20]} 36. Bb6 {[%clk 0:00:08]} Bc5+ {[%clk 0:00:21]} 37. Bxc5
{[%clk 0:00:09]} Nxc5 {[%clk 0:00:22]} 38. Rd5 {[%clk 0:00:07]} Nxb3
{[%clk 0:00:21]} 39. Rb5 {[%clk 0:00:09]} a4 {[%clk 0:00:22]} 40. c5
{[%clk 0:00:08]} Rc8 {[%clk 0:00:22]} 41. Rb4 {[%clk 0:00:05]} Nxc5
{[%clk 0:00:23]} 42. Rb5 {[%clk 0:00:06]} Nd3 {[%clk 0:00:23]} 43. f5
{[%clk 0:00:05]} Ra8 {[%clk 0:00:23]} 44. Rb1 {[%clk 0:00:03]} a3
{[%clk 0:00:24]} 45. Ra1 {[%clk 0:00:04]} a2 {[%clk 0:00:24]} 46. g5
{[%clk 0:00:05]} Nb4 {[%clk 0:00:26]} 47. g6 {[%clk 0:00:06]} Nc2
{[%clk 0:00:27]} 0-1

[Event "blitmenteam"]
[Site "?"]
[Date "2016.10.07"]
[Round "5.20"]
[White "Kayukov, Kirill"]
[Black "Vastrukhin, Oleg"]
[Result "0-1"]
[LiveChessVersion "1.4.4"]
[BlackElo "2355"]
[WhiteElo "2263"]

1. d4 {[%clk 0:03:03]} g6 {[%clk 0:03:04]} 2. e3 {[%clk 0:03:03]} Bg7
{[%clk 0:03:05]} 3. f4 {[%clk 0:03:04]} Nf6 4. Nf3 O-O {[%clk 0:03:06]} 5. c4
{[%clk 0:03:07]} d6 {[%clk 0:03:06]} 6. Be2 {[%clk 0:03:08]} Nbd7
{[%clk 0:03:06]} 7. Nc3 {[%clk 0:03:09]} b6 {[%clk 0:03:07]} 8. O-O
{[%clk 0:03:09]} Bb7 {[%clk 0:03:08]} 9. b3 {[%clk 0:03:11]} e5 {[%clk 0:03:09]}
10. fxe5 {[%clk 0:03:11]} dxe5 {[%clk 0:03:10]} 11. Bb2 {[%clk 0:03:12]} Ng4
{[%clk 0:03:09]} 12. Bc1 {[%clk 0:02:51]} exd4 {[%clk 0:03:09]} 13. exd4
{[%clk 0:02:50]} Nc5 {[%clk 0:03:10]} 14. Bg5 {[%clk 0:02:14]} Qe8
{[%clk 0:02:57]} 15. dxc5 {[%clk 0:01:55]} Bxc3 {[%clk 0:02:57]} 16. Rc1
{[%clk 0:01:53]} Bg7 {[%clk 0:02:55]} 17. Qd2 {[%clk 0:01:37]} h6
{[%clk 0:02:52]} 18. Bf4 {[%clk 0:01:36]} Rd8 {[%clk 0:02:52]} 19. Qe1
{[%clk 0:01:19]} bxc5 {[%clk 0:02:32]} 20. Bxc7 {[%clk 0:01:18]} Rd7
{[%clk 0:02:32]} 21. Bg3 {[%clk 0:01:04]} Re7 {[%clk 0:02:32]} 22. Rc2
{[%clk 0:01:00]} Ne3 {[%clk 0:02:33]} 23. Rd2 {[%clk 0:00:55]} Nxf1
{[%clk 0:02:34]} 24. Qxf1 {[%clk 0:00:56]} Rd7 {[%clk 0:02:16]} 25. Bd6
{[%clk 0:00:40]} Qe3+ {[%clk 0:02:17]} 26. Qf2 {[%clk 0:00:23]} Qxf2+ 27. Kxf2
{[%clk 0:00:24]} Rfd8 {[%clk 0:02:18]} 28. Bf4 {[%clk 0:00:09]} g5
{[%clk 0:02:13]} 29. Rxd7 {[%clk 0:00:08]} Rxd7 {[%clk 0:02:14]} 30. Bc1
{[%clk 0:00:08]} f5 {[%clk 0:02:06]} 31. Ba3 {[%clk 0:00:08]} Bxf3
{[%clk 0:02:07]} 32. Bxf3 {[%clk 0:00:05]} Bd4+ {[%clk 0:02:05]} 33. Ke2
{[%clk 0:00:05]} Re7+ {[%clk 0:02:05]} 34. Kd2 {[%clk 0:00:07]} Kg7
{[%clk 0:02:04]} 35. Bd5 {[%clk 0:00:05]} a5 {[%clk 0:02:04]} 36. Kd1
{[%clk 0:00:05]} Kf6 {[%clk 0:01:59]} 37. Bc1 {[%clk 0:00:07]} h5
{[%clk 0:02:01]} 38. Bd2 {[%clk 0:00:08]} Ra7 {[%clk 0:01:57]} 39. a4
{[%clk 0:00:06]} h4 {[%clk 0:01:56]} 40. h3 {[%clk 0:00:03]} g4 {[%clk 0:01:47]}
41. Bf4 {[%clk 0:00:03]} Re7 {[%clk 0:01:40]} 42. Bd2 {[%clk 0:00:03]} gxh3
{[%clk 0:01:28]} 43. gxh3 {[%clk 0:00:04]} Re8 {[%clk 0:01:28]} 44. Bxa5
{[%clk 0:00:05]} Re3 {[%clk 0:01:29]} 45. Bd2 {[%clk 0:00:05]} Rxh3
{[%clk 0:01:27]} 46. Kc2 {[%clk 0:00:05]} Rg3 {[%clk 0:01:10]} 47. a5
{[%clk 0:00:06]} Rg7 {[%clk 0:01:00]} 48. a6 {[%clk 0:00:07]} Ra7
{[%clk 0:01:01]} 49. Bb7 {[%clk 0:00:08]} h3 {[%clk 0:01:00]} 50. Bf4
{[%clk 0:00:08]} Be5 {[%clk 0:01:01]} 51. Be3 {[%clk 0:00:09]} h2
{[%clk 0:01:00]} 52. Bh1 {[%clk 0:00:03]} Bd4 {[%clk 0:00:59]} 53. Bxd4+ cxd4 54.
Bb7 Ke5 0-1

[Event "blitmenteam"]
[Site "?"]
[Date "2016.10.07"]
[Round "6.2"]
[White "Morozevich, Alexander"]
[Black "Pridorozhni, Aleksei"]
[Result "0-1"]
[LiveChessVersion "1.4.4"]
[BlackElo "2611"]
[WhiteElo "2669"]

1. e4 {[%clk 0:03:03]} c5 {[%clk 0:03:02]} 2. Nf3 {[%clk 0:03:03]} Nc6
{[%clk 0:03:03]} 3. d4 {[%clk 0:03:03]} cxd4 {[%clk 0:03:04]} 4. Nxd4
{[%clk 0:03:05]} e5 {[%clk 0:03:04]} 5. Nb5 {[%clk 0:03:05]} a6 {[%clk 0:03:05]}
6. N5c3 {[%clk 0:03:05]} Bc5 {[%clk 0:03:03]} 7. Bc4 {[%clk 0:03:04]} Nf6
{[%clk 0:03:00]} 8. O-O {[%clk 0:03:05]} h6 {[%clk 0:02:57]} 9. Nd5
{[%clk 0:03:05]} d6 {[%clk 0:02:54]} 10. Nbc3 {[%clk 0:03:07]} O-O
{[%clk 0:02:52]} 11. Nxf6+ {[%clk 0:03:07]} Qxf6 {[%clk 0:02:54]} 12. Be3
{[%clk 0:02:55]} Bxe3 {[%clk 0:02:18]} 13. fxe3 {[%clk 0:02:56]} Qd8
{[%clk 0:02:13]} 14. Qd3 {[%clk 0:02:09]} Be6 {[%clk 0:02:10]} 15. Bb3
{[%clk 0:02:09]} Qe7 {[%clk 0:01:56]} 16. Rad1 {[%clk 0:02:09]} Rad8
{[%clk 0:01:57]} 17. Nd5 {[%clk 0:02:06]} Bxd5 {[%clk 0:01:48]} 18. Qxd5
{[%clk 0:02:02]} g6 {[%clk 0:01:38]} 19. Rf3 {[%clk 0:01:44]} Kg7
{[%clk 0:01:39]} 20. Rdf1 {[%clk 0:01:45]} f6 {[%clk 0:01:32]} 21. a3
{[%clk 0:01:43]} Qd7 {[%clk 0:01:27]} 22. Qd2 {[%clk 0:01:31]} Qe7
{[%clk 0:00:46]} 23. Bd5 {[%clk 0:01:30]} Nb8 {[%clk 0:00:45]} 24. Qb4
{[%clk 0:01:28]} b5 {[%clk 0:00:44]} 25. c4 {[%clk 0:01:14]} bxc4
{[%clk 0:00:41]} 26. Qxc4 {[%clk 0:01:15]} Qa7 {[%clk 0:00:30]} 27. Rc1
{[%clk 0:01:08]} Qb6 {[%clk 0:00:23]} 28. b4 {[%clk 0:01:00]} h5 {[%clk 0:00:19]}
29. h3 {[%clk 0:01:00]} Kh6 {[%clk 0:00:14]} 30. Kh2 {[%clk 0:00:40]} Nd7
{[%clk 0:00:12]} 31. Qc7 {[%clk 0:00:41]} Qxc7 {[%clk 0:00:10]} 32. Rxc7
{[%clk 0:00:42]} Nb8 {[%clk 0:00:10]} 33. h4 {[%clk 0:00:40]} Rd7
{[%clk 0:00:09]} 34. Rc3 {[%clk 0:00:39]} Re7 {[%clk 0:00:09]} 35. Rf2
{[%clk 0:00:39]} Rg7 {[%clk 0:00:06]} 36. a4 {[%clk 0:00:38]} Nd7
{[%clk 0:00:05]} 37. Rc6 {[%clk 0:00:38]} f5 {[%clk 0:00:04]} 38. Rxd6 Nf6 39.
Kg1 {[%clk 0:00:37]} Ng4 {[%clk 0:00:07]} 40. Rf3 {[%clk 0:00:20]} f4
{[%clk 0:00:08]} 41. exf4 {[%clk 0:00:17]} exf4 {[%clk 0:00:09]} 42. g3
{[%clk 0:00:18]} Rc8 {[%clk 0:00:10]} 43. gxf4 {[%clk 0:00:18]} Rgc7
{[%clk 0:00:10]} 44. f5 {[%clk 0:00:17]} Ne5 {[%clk 0:00:10]} 45. Rg3
{[%clk 0:00:17]} Rc1+ {[%clk 0:00:11]} 46. Kh2 {[%clk 0:00:17]} R8c2+
{[%clk 0:00:12]} 47. Rg2 {[%clk 0:00:19]} Ng4+ {[%clk 0:00:13]} 48. Kg3
{[%clk 0:00:20]} Rc3+ {[%clk 0:00:14]} 49. Kf4 {[%clk 0:00:14]} Rf1+
{[%clk 0:00:15]} 0-1

[Event "blitmenteam"]
[Site "?"]
[Date "2016.10.07"]
[Round "6.3"]
[White "Bologan, Victor"]
[Black "Popov, Ivan"]
[Result "0-1"]
[LiveChessVersion "1.4.4"]
[BlackElo "2606"]
[WhiteElo "2601"]

1. e4 {[%clk 0:03:03]} e6 {[%clk 0:03:04]} 2. d3 {[%clk 0:03:04]} d5
{[%clk 0:03:04]} 3. Qe2 {[%clk 0:03:05]} Nf6 {[%clk 0:03:01]} 4. Nf3
{[%clk 0:03:06]} Be7 {[%clk 0:03:02]} 5. g3 {[%clk 0:03:07]} c5 {[%clk 0:03:02]}
6. Bg2 {[%clk 0:03:08]} Nc6 {[%clk 0:03:03]} 7. O-O {[%clk 0:03:01]} b6
{[%clk 0:03:01]} 8. e5 {[%clk 0:02:56]} Nd7 {[%clk 0:03:02]} 9. c4
{[%clk 0:02:54]} d4 {[%clk 0:02:38]} 10. h4 {[%clk 0:02:48]} h6 {[%clk 0:02:35]}
11. h5 {[%clk 0:02:45]} Bb7 {[%clk 0:02:35]} 12. Bf4 {[%clk 0:02:45]} Qc7
{[%clk 0:02:31]} 13. Na3 {[%clk 0:02:45]} a6 {[%clk 0:02:28]} 14. Nc2
{[%clk 0:02:43]} O-O-O {[%clk 0:02:13]} 15. a3 {[%clk 0:02:42]} g5
{[%clk 0:02:10]} 16. hxg6 {[%clk 0:02:43]} fxg6 {[%clk 0:02:11]} 17. g4
{[%clk 0:02:20]} h5 {[%clk 0:02:06]} 18. g5 {[%clk 0:02:03]} h4 {[%clk 0:01:58]}
19. b4 {[%clk 0:01:30]} Rdf8 {[%clk 0:01:57]} 20. Bh2 {[%clk 0:01:29]} h3
{[%clk 0:01:57]} 21. Bh1 {[%clk 0:01:27]} Rf5 {[%clk 0:01:49]} 22. Rfe1
{[%clk 0:01:16]} Bxg5 {[%clk 0:01:37]} 23. b5 {[%clk 0:01:05]} Na5
{[%clk 0:01:15]} 24. bxa6 {[%clk 0:00:49]} Bxa6 {[%clk 0:01:15]} 25. Ncxd4
{[%clk 0:00:40]} cxd4 {[%clk 0:01:09]} 26. Nxd4 {[%clk 0:00:42]} Nc5
{[%clk 0:00:43]} 27. Nxf5 {[%clk 0:00:36]} gxf5 {[%clk 0:00:44]} 28. Rab1
{[%clk 0:00:25]} Rg8 {[%clk 0:00:44]} 29. Kf1 {[%clk 0:00:19]} Nxd3
{[%clk 0:00:41]} 30. Qf3 {[%clk 0:00:13]} Bb7 {[%clk 0:00:23]} 31. Qxd3
{[%clk 0:00:14]} Bxh1 {[%clk 0:00:24]} 32. c5 {[%clk 0:00:15]} Bg2+
{[%clk 0:00:20]} 33. Ke2 {[%clk 0:00:14]} Qxc5 {[%clk 0:00:13]} 34. Red1
{[%clk 0:00:09]} Bc6 {[%clk 0:00:12]} 35. Qa6+ {[%clk 0:00:06]} Kc7
{[%clk 0:00:13]} 36. Qd3 {[%clk 0:00:04]} Rd8 {[%clk 0:00:13]} 37. Qxh3
{[%clk 0:00:04]} Qc4+ {[%clk 0:00:11]} 38. Ke1 {[%clk 0:00:04]} Qe4+
{[%clk 0:00:11]} 39. Kf1 {[%clk 0:00:05]} Qh1+ {[%clk 0:00:08]} 40. Ke2
{[%clk 0:00:05]} Bb5+ {[%clk 0:00:07]} 41. Rxb5 {[%clk 0:00:04]} Qxd1#
{[%clk 0:00:08]} 0-1

[Event "blitmenteam"]
[Site "?"]
[Date "2016.10.07"]
[Round "6.4"]
[White "Motylev, Alexander"]
[Black "Kryakvin, Dmitry"]
[Result "1/2-1/2"]
[LiveChessVersion "1.4.4"]
[BlackElo "2522"]
[WhiteElo "2613"]

1. e4 {[%clk 0:03:02]} c5 {[%clk 0:03:04]} 2. Nf3 {[%clk 0:03:03]} d6
{[%clk 0:03:05]} 3. d4 {[%clk 0:03:03]} cxd4 {[%clk 0:03:06]} 4. Nxd4
{[%clk 0:03:04]} Nf6 {[%clk 0:03:07]} 5. Nc3 {[%clk 0:03:05]} Nc6
{[%clk 0:03:08]} 6. Bg5 {[%clk 0:03:06]} e6 {[%clk 0:03:09]} 7. Qd2
{[%clk 0:03:06]} Be7 {[%clk 0:03:11]} 8. O-O-O {[%clk 0:03:06]} Nxd4
{[%clk 0:03:11]} 9. Qxd4 {[%clk 0:03:06]} O-O {[%clk 0:03:12]} 10. f4
{[%clk 0:03:02]} h6 {[%clk 0:03:13]} 11. Bh4 {[%clk 0:03:02]} a6 {[%clk 0:03:13]}
12. Be2 {[%clk 0:02:55]} Nxe4 {[%clk 0:03:07]} 13. Nxe4 {[%clk 0:02:51]} Bxh4
{[%clk 0:03:08]} 14. Qxd6 {[%clk 0:02:45]} Qa5 {[%clk 0:03:02]} 15. Kb1
{[%clk 0:02:45]} Rd8 {[%clk 0:02:45]} 16. Qc5 {[%clk 0:02:39]} Qxc5
{[%clk 0:02:35]} 17. Nxc5 {[%clk 0:02:40]} Rxd1+ {[%clk 0:02:07]} 18. Rxd1
{[%clk 0:02:40]} Be7 {[%clk 0:02:09]} 19. Nd7 {[%clk 0:02:03]} b5
{[%clk 0:01:39]} 20. Bf3 {[%clk 0:01:47]} Ra7 {[%clk 0:01:36]} 21. Nb6
{[%clk 0:01:47]} Rc7 {[%clk 0:01:37]} 22. Nxc8 {[%clk 0:01:35]} Rxc8
{[%clk 0:01:38]} 23. Bb7 {[%clk 0:01:35]} Rd8 {[%clk 0:01:27]} 24. Rxd8+
{[%clk 0:01:35]} Bxd8 {[%clk 0:01:28]} 25. Bxa6 {[%clk 0:01:33]} b4
{[%clk 0:01:30]} 26. c3 {[%clk 0:01:33]} bxc3 {[%clk 0:01:28]} 27. b4
{[%clk 0:01:34]} Bc7 {[%clk 0:01:18]} 28. g3 {[%clk 0:01:34]} g5 {[%clk 0:01:19]}
29. fxg5 {[%clk 0:01:33]} hxg5 30. Kc2 {[%clk 0:01:34]} Be5 {[%clk 0:01:16]} 31.
a4 {[%clk 0:01:33]} Kf8 {[%clk 0:01:18]} 32. a5 {[%clk 0:01:31]} Ke7
{[%clk 0:01:19]} 33. Be2 {[%clk 0:01:04]} Kd6 {[%clk 0:01:04]} 34. Kd3
{[%clk 0:00:50]} f5 {[%clk 0:01:03]} 35. Bd1 {[%clk 0:00:38]} g4 {[%clk 0:00:58]}
36. Ke4 1/2-1/2

[Event "blitmenteam"]
[Site "?"]
[Date "2016.10.07"]
[Round "6.5"]
[White "Savchenko, Boris"]
[Black "Artemiev, Vladislav"]
[Result "0-1"]
[LiveChessVersion "1.4.4"]
[BlackElo "2781"]
[WhiteElo "2626"]

1. e4 {[%clk 0:03:03]} c5 {[%clk 0:03:02]} 2. Nf3 {[%clk 0:03:03]} e6
{[%clk 0:03:02]} 3. c3 {[%clk 0:03:04]} d5 {[%clk 0:03:00]} 4. e5
{[%clk 0:03:05]} d4 {[%clk 0:03:00]} 5. Bd3 {[%clk 0:03:06]} Bd7 {[%clk 0:03:00]}
6. Qe2 {[%clk 0:03:03]} Bc6 {[%clk 0:02:58]} 7. Na3 {[%clk 0:03:03]} Ne7
{[%clk 0:02:55]} 8. Be4 {[%clk 0:02:56]} Nd5 {[%clk 0:02:54]} 9. g3
{[%clk 0:02:50]} Nd7 {[%clk 0:02:50]} 10. Nc2 {[%clk 0:02:43]} dxc3
{[%clk 0:01:40]} 11. dxc3 {[%clk 0:02:42]} Qc7 {[%clk 0:01:41]} 12. O-O
{[%clk 0:02:30]} O-O-O {[%clk 0:01:37]} 13. Re1 {[%clk 0:02:21]} h6
{[%clk 0:01:30]} 14. h4 {[%clk 0:02:21]} Be7 {[%clk 0:01:16]} 15. c4
{[%clk 0:02:05]} Nb4 {[%clk 0:01:16]} 16. a3 {[%clk 0:01:58]} Nxc2
{[%clk 0:01:09]} 17. Qxc2 {[%clk 0:01:40]} Nxe5 {[%clk 0:00:46]} 18. Nxe5
{[%clk 0:01:38]} Qxe5 {[%clk 0:00:46]} 19. Bxh6 {[%clk 0:01:30]} Bxe4
{[%clk 0:00:24]} 20. Rxe4 {[%clk 0:01:30]} Qf5 {[%clk 0:00:20]} 21. Be3
{[%clk 0:01:16]} Bxh4 {[%clk 0:00:15]} 22. gxh4 {[%clk 0:00:38]} Qg6+
{[%clk 0:00:05]} 23. Bg5 {[%clk 0:00:28]} Rxh4 {[%clk 0:00:06]} 24. Rxh4
{[%clk 0:00:15]} Qxg5+ {[%clk 0:00:07]} 25. Kf1 {[%clk 0:00:15]} Qxh4
{[%clk 0:00:08]} 26. Re1 {[%clk 0:00:15]} Qh1+ {[%clk 0:00:07]} 27. Ke2
{[%clk 0:00:17]} Qh5+ {[%clk 0:00:08]} 28. Kf1 {[%clk 0:00:18]} Qf3
{[%clk 0:00:09]} 29. Qh7 {[%clk 0:00:14]} Qd3+ {[%clk 0:00:05]} 30. Qxd3
{[%clk 0:00:15]} Rxd3 {[%clk 0:00:06]} 31. Re5 {[%clk 0:00:16]} b6
{[%clk 0:00:07]} 32. b4 {[%clk 0:00:13]} Rxa3 {[%clk 0:00:07]} 33. bxc5
{[%clk 0:00:14]} Ra5 {[%clk 0:00:08]} 0-1

[Event "blitmenteam"]
[Site "?"]
[Date "2016.10.07"]
[Round "6.7"]
[White "Evdokimov, Alexander A."]
[Black "Timofeev, Artyom"]
[Result "1/2-1/2"]
[LiveChessVersion "1.4.4"]
[BlackElo "2578"]
[WhiteElo "2524"]

1. d4 {[%clk 0:03:03]} d5 {[%clk 0:03:03]} 2. c4 {[%clk 0:03:03]} dxc4
{[%clk 0:03:03]} 3. Nf3 {[%clk 0:03:04]} Nf6 {[%clk 0:03:04]} 4. e3
{[%clk 0:03:05]} e6 {[%clk 0:03:05]} 5. Bxc4 {[%clk 0:03:06]} a6 {[%clk 0:03:06]}
6. O-O {[%clk 0:03:06]} c5 {[%clk 0:03:08]} 7. dxc5 {[%clk 0:03:06]} Bxc5
{[%clk 0:03:08]} 8. Qxd8+ {[%clk 0:03:06]} Kxd8 {[%clk 0:03:09]} 9. Nbd2
{[%clk 0:03:07]} Ke7 {[%clk 0:03:07]} 10. Nb3 {[%clk 0:03:09]} Bd6
{[%clk 0:03:06]} 11. Bd2 {[%clk 0:03:00]} Nc6 {[%clk 0:03:02]} 12. Rfd1
{[%clk 0:02:57]} Rd8 {[%clk 0:02:59]} 13. Na5 {[%clk 0:02:47]} Ne5
{[%clk 0:02:25]} 14. Nxe5 {[%clk 0:02:40]} Bxe5 {[%clk 0:02:26]} 15. Bb4+
{[%clk 0:02:38]} Ke8 {[%clk 0:02:27]} 16. Rxd8+ {[%clk 0:02:33]} Kxd8
{[%clk 0:02:27]} 17. Rd1+ {[%clk 0:01:54]} Ke8 {[%clk 0:02:27]} 18. Be2
{[%clk 0:01:45]} Nd5 {[%clk 0:02:15]} 19. Ba3 {[%clk 0:01:38]} Bc7
{[%clk 0:02:09]} 20. Nc4 {[%clk 0:01:36]} b5 {[%clk 0:02:10]} 21. Nd6+
{[%clk 0:01:31]} Bxd6 {[%clk 0:02:11]} 22. Bxd6 {[%clk 0:01:32]} Bb7
{[%clk 0:02:12]} 23. Rc1 {[%clk 0:01:06]} Rc8 {[%clk 0:02:04]} 24. Rxc8+
{[%clk 0:01:07]} Bxc8 {[%clk 0:02:05]} 25. e4 {[%clk 0:01:01]} Nb6
{[%clk 0:02:02]} 26. b3 {[%clk 0:00:57]} f5 {[%clk 0:02:02]} 27. Be5
{[%clk 0:00:49]} Kf7 {[%clk 0:02:02]} 28. Bd4 {[%clk 0:00:48]} Nd7
{[%clk 0:02:00]} 29. exf5 {[%clk 0:00:48]} exf5 {[%clk 0:02:01]} 30. Bf3
{[%clk 0:00:49]} Nf6 {[%clk 0:02:02]} 31. Kf1 {[%clk 0:00:48]} Ne4
{[%clk 0:02:02]} 32. Ke2 {[%clk 0:00:45]} Bb7 {[%clk 0:02:03]} 33. Ke3
{[%clk 0:00:45]} g6 {[%clk 0:02:02]} 34. Be2 {[%clk 0:00:34]} Nf6
{[%clk 0:02:01]} 35. f3 {[%clk 0:00:25]} Nd5+ {[%clk 0:02:01]} 36. Kd2
{[%clk 0:00:25]} Nf4 {[%clk 0:02:00]} 37. Bf1 {[%clk 0:00:26]} Nd5
{[%clk 0:01:56]} 38. g3 {[%clk 0:00:25]} Nb4 {[%clk 0:01:53]} 39. a3
{[%clk 0:00:20]} Nd5 {[%clk 0:01:53]} 40. f4 {[%clk 0:00:20]} 1/2-1/2

[Event "blitmenteam"]
[Site "?"]
[Date "2016.10.07"]
[Round "6.8"]
[White "Sharafiev, Azat"]
[Black "Zablotsky, Sergei"]
[Result "1-0"]
[LiveChessVersion "1.4.4"]
[BlackElo "2519"]
[WhiteElo "2482"]

1. Nf3 {[%clk 0:03:03]} d6 {[%clk 0:03:02]} 2. d4 {[%clk 0:03:03]} g6
{[%clk 0:03:03]} 3. g3 {[%clk 0:03:02]} Bg7 {[%clk 0:03:04]} 4. Bg2
{[%clk 0:03:03]} Nd7 {[%clk 0:03:03]} 5. O-O {[%clk 0:03:03]} e5 {[%clk 0:03:04]}
6. e4 {[%clk 0:03:01]} Ne7 {[%clk 0:02:53]} 7. c3 {[%clk 0:02:53]} O-O
{[%clk 0:02:50]} 8. Re1 {[%clk 0:02:53]} c6 {[%clk 0:02:34]} 9. a4
{[%clk 0:02:54]} Re8 {[%clk 0:02:24]} 10. a5 {[%clk 0:02:49]} Rb8
{[%clk 0:02:06]} 11. Nbd2 {[%clk 0:02:45]} d5 {[%clk 0:01:56]} 12. exd5
{[%clk 0:02:33]} Nxd5 {[%clk 0:01:56]} 13. Nc4 {[%clk 0:02:31]} exd4
{[%clk 0:01:48]} 14. Rxe8+ {[%clk 0:02:28]} Qxe8 {[%clk 0:01:48]} 15. Nxd4
{[%clk 0:02:28]} Nc5 16. Bxd5 {[%clk 0:01:42]} cxd5 {[%clk 0:01:35]} 17. Bf4
{[%clk 0:01:41]} dxc4 {[%clk 0:00:43]} 18. Bxb8 {[%clk 0:01:41]} Bxd4
{[%clk 0:00:42]} 19. cxd4 {[%clk 0:01:18]} Bh3 {[%clk 0:00:27]} 20. dxc5
{[%clk 0:00:56]} Qe4 {[%clk 0:00:28]} 21. f3 {[%clk 0:00:57]} Qe3+
{[%clk 0:00:28]} 22. Kh1 {[%clk 0:00:58]} h5 {[%clk 0:00:11]} 23. Ra3
{[%clk 0:00:56]} Qf2 {[%clk 0:00:11]} 24. Qg1 {[%clk 0:00:55]} Qxb2
{[%clk 0:00:10]} 25. Re3 {[%clk 0:00:56]} c3 {[%clk 0:00:09]} 26. Be5
{[%clk 0:00:51]} Qd2 {[%clk 0:00:06]} 27. Bxc3 {[%clk 0:00:49]} Bg2+
{[%clk 0:00:07]} 28. Qxg2 {[%clk 0:00:50]} Qxe3 {[%clk 0:00:08]} 29. Qd2
{[%clk 0:00:48]} Qxf3+ {[%clk 0:00:08]} 30. Kg1 {[%clk 0:00:50]} Kh7
{[%clk 0:00:08]} 31. Qd4 {[%clk 0:00:50]} f6 {[%clk 0:00:08]} 32. Qxf6
{[%clk 0:00:45]} Qe3+ {[%clk 0:00:08]} 33. Kf1 {[%clk 0:00:45]} Qd3+
{[%clk 0:00:08]} 34. Ke1 {[%clk 0:00:47]} Qb1+ {[%clk 0:00:07]} 35. Kd2
{[%clk 0:00:48]} Qa2+ {[%clk 0:00:07]} 36. Kc1 {[%clk 0:00:47]} Qa3+
{[%clk 0:00:08]} 37. Kd1 {[%clk 0:00:45]} Qb3+ {[%clk 0:00:09]} 38. Kd2
{[%clk 0:00:46]} Qd5+ {[%clk 0:00:10]} 39. Kc1 {[%clk 0:00:46]} Qd7
{[%clk 0:00:09]} 40. Qh8# {[%clk 0:00:46]} 1-0

[Event "blitmenteam"]
[Site "?"]
[Date "2016.10.07"]
[Round "6.9"]
[White "Alekseev, Evgeny"]
[Black "Fedoseev, Vladimir"]
[Result "1-0"]
[LiveChessVersion "1.4.4"]
[BlackElo "2702"]
[WhiteElo "2662"]

1. e4 {[%clk 0:03:03]} e6 {[%clk 0:03:02]} 2. d4 {[%clk 0:03:04]} d5
{[%clk 0:03:04]} 3. Nc3 {[%clk 0:03:05]} Bb4 {[%clk 0:03:05]} 4. exd5
{[%clk 0:03:04]} exd5 {[%clk 0:03:04]} 5. Bd3 {[%clk 0:03:06]} c6
{[%clk 0:03:05]} 6. Nge2 {[%clk 0:03:03]} Ne7 {[%clk 0:03:04]} 7. Ng3
{[%clk 0:03:02]} O-O {[%clk 0:03:03]} 8. O-O {[%clk 0:03:03]} Nd7
{[%clk 0:03:00]} 9. Bg5 {[%clk 0:02:58]} f6 {[%clk 0:02:43]} 10. Bd2
{[%clk 0:02:33]} Bd6 {[%clk 0:02:42]} 11. Re1 {[%clk 0:02:28]} Re8
{[%clk 0:02:42]} 12. Qf3 {[%clk 0:01:40]} Nf8 {[%clk 0:02:42]} 13. Bf4
{[%clk 0:01:39]} Bxf4 {[%clk 0:02:23]} 14. Qxf4 {[%clk 0:01:40]} Ne6
{[%clk 0:02:24]} 15. Qd2 {[%clk 0:01:26]} Qb6 {[%clk 0:02:12]} 16. Nce2
{[%clk 0:01:25]} Qxb2 {[%clk 0:02:03]} 17. Nf4 {[%clk 0:01:26]} Nf8
{[%clk 0:01:42]} 18. Nfh5 {[%clk 0:01:16]} Be6 {[%clk 0:01:32]} 19. Nxg7
{[%clk 0:01:13]} Bf7 {[%clk 0:01:14]} 20. Qh6 {[%clk 0:01:03]} Bg6
{[%clk 0:01:12]} 21. N7h5 {[%clk 0:00:57]} Ne6 {[%clk 0:01:13]} 22. Nxf6+
{[%clk 0:00:48]} Kf7 {[%clk 0:01:14]} 23. Nxe8 {[%clk 0:00:48]} Rxe8
{[%clk 0:01:15]} 24. Rab1 {[%clk 0:00:39]} Qc3 {[%clk 0:01:11]} 25. Re3
{[%clk 0:00:35]} Qxd4 {[%clk 0:00:57]} 26. Rbe1 {[%clk 0:00:35]} Qg7
{[%clk 0:00:53]} 27. Qh4 {[%clk 0:00:28]} Be4 {[%clk 0:00:40]} 28. Nxe4
{[%clk 0:00:25]} dxe4 {[%clk 0:00:39]} 29. Bxe4 {[%clk 0:00:25]} Nd4
{[%clk 0:00:32]} 30. Bd3 {[%clk 0:00:22]} Kf8 {[%clk 0:00:17]} 31. Rg3
{[%clk 0:00:20]} Ng6 {[%clk 0:00:17]} 32. Rxe8+ Kxe8 {[%clk 0:00:18]} 33. Qe4+
{[%clk 0:00:14]} Kd7 {[%clk 0:00:18]} 34. h4 {[%clk 0:00:13]} Qf6
{[%clk 0:00:15]} 35. h5 {[%clk 0:00:14]} Nf4 {[%clk 0:00:16]} 36. Qxh7+
{[%clk 0:00:15]} Kd6 {[%clk 0:00:18]} 37. Re3 {[%clk 0:00:09]} Qg5
{[%clk 0:00:17]} 38. g3 {[%clk 0:00:10]} Nxh5 {[%clk 0:00:14]} 39. Qe4
{[%clk 0:00:09]} Qg7 {[%clk 0:00:08]} 40. Kg2 {[%clk 0:00:08]} Qf6
{[%clk 0:00:06]} 41. c3 {[%clk 0:00:08]} Ne6 {[%clk 0:00:07]} 42. Bc4
{[%clk 0:00:07]} Ng5 {[%clk 0:00:06]} 43. Qd4+ {[%clk 0:00:09]} Qxd4
{[%clk 0:00:07]} 44. cxd4 {[%clk 0:00:10]} b5 {[%clk 0:00:09]} 45. Bb3
{[%clk 0:00:11]} a5 {[%clk 0:00:08]} 46. f4 {[%clk 0:00:12]} Nh7 {[%clk 0:00:09]}
47. Kf3 {[%clk 0:00:11]} a4 {[%clk 0:00:10]} 48. Bf7 {[%clk 0:00:12]} N5f6
{[%clk 0:00:11]} 49. g4 {[%clk 0:00:12]} Kd5 50. Ke4+ 1-0